Countries of the world by picture - G and H - Statistics

General Stats
  • This quiz has been taken 19 times
  • The average score is 9 of 14
Answer Stats
Picture Answer % Correct
Germany
100%
Greece
87%
Hungary
73%
Ghana
67%
Guinea
67%
Haiti
67%
Honduras
67%
Guinea - Bissau
60%
Gambia
53%
Grenada
53%
Guatemala
53%
Gabon
47%
Georgia
40%
Guyana
40%
No matching quizzes found
Score Distribution
Percent of People with Each Score
Percentile by Number Answered
Your Score History
You have not taken this quiz